Prediction of Potential Flow over an Oscillating Wing (Record no. 326331)
[ view plain ]
| 000 -LEADER | |
|---|---|
| fixed length control field | 00376 a2200133 4500 |
| 001 - CONTROL NUMBER | |
| control field | 91258 |
| 082 ## - DEWEY DECIMAL CLASSIFICATION NUMBER | |
| Classification number | PR 1164 |
| 090 ## - LOCALLY ASSIGNED LC-TYPE CALL NUMBER (OCLC); LOCAL CALL NUMBER (RLIN) | |
| -- | 43345 |
| -- | 43345 |
| 100 ## - MAIN ENTRY--PERSONAL NAME | |
| Personal name | Usman Latif; Prof Muhammad Ismail (Advisor) |
| 245 ## - TITLE STATEMENT | |
| Title | Prediction of Potential Flow over an Oscillating Wing |
| Number of part/section of a work | 41 "A" EC |
| 260 ## - PUBLICATION, DISTRIBUTION, ETC. | |
| Place of publication, distribution, etc. | Karachi |
| Name of publisher, distributor, etc. | NED University |
| Date of publication, distribution, etc. | 1994 |
| 300 ## - PHYSICAL DESCRIPTION | |
| Extent | vi,58p |
| 500 ## - GENERAL NOTE | |
| General note | BE Project Reports |
| 942 ## - ADDED ENTRY ELEMENTS (KOHA) | |
| Institution code [OBSOLETE] | CAE NUST |
| Call number prefix | PR 1164 |
| Withdrawn status | Lost status | Damaged status | Not for loan | Collection code | Permanent Location | Current Location | Date acquired | Total Checkouts | Full call number | Barcode | Date last seen | Price effective from | Koha item type |
|---|---|---|---|---|---|---|---|---|---|---|---|---|---|
| College of Aeronautical Engineering (CAE) | College of Aeronautical Engineering (CAE) | 04/03/2017 | PR 1164 | CAEPR-1164 | 04/05/2017 | 04/05/2017 | Book |
